000 00454nam a2200193Ia 4500
005 20250603145502.0
008 250603s9999 xx 000 0 und d
020 _a9781118947838
050 _aRJ 61 .M53/
100 _aMiall, Lawrence
245 0 _aPaediatrics at a glance
250 _a4th ed.
260 _aUnited Kingdom
260 _bJohn Wiley & Sons Ltd.
260 _c2016
300 _a187 p
650 _aUnited Kingdom
942 _cBK
999 _c41993
_d41993